Henry and Mudge and the best day of all : (Record no. 3244)
[ view plain ]
| 000 -LEADER | |
|---|---|
| fixed length control field | 01206cam a2200301 a 4500 |
| 005 - DATE AND TIME OF LATEST TRANSACTION | |
| control field | 20250115144802.0 |
| 020 ## - INTERNATIONAL STANDARD BOOK NUMBER | |
| International Standard Book Number | 9780689813856 |
| 040 ## - CATALOGING SOURCE | |
| Original cataloging agency | DLC |
| Transcribing agency | DLC |
| Modifying agency | DLC |
| Language of cataloging | eng |
| 050 00 - LIBRARY OF CONGRESS CALL NUMBER | |
| Classification number | PZ7.R982 |
| Item number | 1995 |
| 082 00 - DEWEY DECIMAL CLASSIFICATION NUMBER | |
| Classification number | 820 |
| 100 1# - MAIN ENTRY--PERSONAL NAME | |
| Personal name | Rylant, Cynthia |
| 245 10 - TITLE STATEMENT | |
| Title | Henry and Mudge and the best day of all : |
| Remainder of title | the fourteenth book of their adventures / |
| Statement of responsibility, etc. | story by Cynthia Rylant ; pictures by Suçie Stevenson. |
| 250 ## - EDITION STATEMENT | |
| Edition statement | First Alanddin Paperback Edition, 1997 |
| 260 ## - PUBLICATION, DISTRIBUTION, ETC. | |
| Place of publication, distribution, etc. | New York : |
| Name of publisher, distributor, etc. | Bradbury Press ; |
| Place of publication, distribution, etc. | Toronto : |
| Name of publisher, distributor, etc. | Maxwell Macmillan Canada ; |
| Place of publication, distribution, etc. | New York : |
| Name of publisher, distributor, etc. | Maxwell Macmillan International, |
| Date of publication, distribution, etc. | 1995 |
| 300 ## - PHYSICAL DESCRIPTION | |
| Extent | 40 pages : |
| Other physical details | color illustrations ; |
| Dimensions | 24 cm. |
| 490 ## - SERIES STATEMENT | |
| Series statement | Henry and Mudge |
| Volume/sequential designation | Level 2 |
| 490 ## - SERIES STATEMENT | |
| Series statement | Ready-To-Read |
| Volume/sequential designation | Leve 2 |
| 505 ## - FORMATTED CONTENTS NOTE | |
| Formatted contents note | J <br/> |
| 520 ## - SUMMARY, ETC. | |
| Summary, etc. | Henry and his big dog Mudge celebrate Henry's birthday with a piñata, a lively birthday party, and a cake shaped like a fish tank, making May first the best day ever. |
| 521 ## - TARGET AUDIENCE NOTE | |
| Target audience note | 470 <br/> |
| Source | Lexile <br/> |
| 521 ## - TARGET AUDIENCE NOTE | |
| Target audience note | J <br/> |
| Source | Raz-Plus <br/> |
| 650 #1 - SUBJECT ADDED ENTRY--TOPICAL TERM | |
| Topical term or geographic name entry element | Birthdays |
| General subdivision | Fiction |
| 650 #1 - SUBJECT ADDED ENTRY--TOPICAL TERM | |
| Topical term or geographic name entry element | Dogs |
| General subdivision | Fiction |
| 700 1# - ADDED ENTRY--PERSONAL NAME | |
| Personal name | Stevenson, Suçie |
| Relator term | illustrator |
| 906 ## - LOCAL DATA ELEMENT F, LDF (RLIN) | |
| a | 7 |
| b | cbc |
| c | orignew |
| d | 1 |
| e | ocip |
| f | 19 |
| g | y-gencatlg |
| 942 ## - ADDED ENTRY ELEMENTS (KOHA) | |
| Source of classification or shelving scheme | Dewey Decimal Classification |
| Koha item type | Books |
| Suppress in OPAC | No |
| 999 ## - | |
| -- | 3244 |
| -- | 3244 |
| Withdrawn status | Lost status | Source of classification or shelving scheme | Damaged status | Not for loan | Collection | Home library | Current library | Shelving location | Date acquired | Total Checkouts | Full call number | Barcode | Date last seen | Copy number | Price effective from | Koha item type | Date last checked out |
|---|---|---|---|---|---|---|---|---|---|---|---|---|---|---|---|---|---|
| Dewey Decimal Classification | Juvenile Fiction | Footprints International School Library Network Toul Kork Campus | Footprints International School Library Network Toul Kork Campus | TK Primary Library Room(4th Floor), Bookcase 1&2, Shelves 1-16, Dark Blue Books | 10/17/2024 | 1 | RYL 820 PZ7.R982 | 2024-2155 | 03/19/2026 | 3 | 10/17/2024 | Books | 03/12/2026 | ||||
| Dewey Decimal Classification | Juvenile Fiction | Footprints International School Library Network Toul Kork Campus | Footprints International School Library Network Toul Kork Campus | TK Primary Library Room(4th Floor), Bookcase 1&2, Shelves 1-16, Dark Blue Books | 01/15/2025 | RYL 820 PZ7.R982 | FISTK01200 | 01/15/2025 | 4 | 01/15/2025 | Books | ||||||
| Dewey Decimal Classification | Juvenile Fiction | Footprints International School Library Network Toul Tom Poung Campus | Footprints International School Library Network Toul Tom Poung Campus | TTP Primary Dark Blue Bookshelves | 02/21/2024 | RYL 820 PZ7.R982 | FIS02893 | 02/21/2024 | 1 | 02/21/2024 | Books | ||||||
| Dewey Decimal Classification | Juvenile Fiction | Footprints International School Library Network Toul Tom Poung Campus | Footprints International School Library Network Toul Tom Poung Campus | TTP Primary Dark Blue Bookshelves | 02/21/2024 | RYL 820 PZ7.R982 | FIS01980 | 05/16/2024 | 2 | 02/21/2024 | Books | ||||||
| Dewey Decimal Classification | Juvenile Fiction | Footprints International School Library Network Toul Tom Poung Campus | Footprints International School Library Network Toul Tom Poung Campus | TTP Primary Dark Blue Bookshelves | 11/13/2025 | RYL 820 PZ7.R982 | FISBK04271 | 11/13/2025 | 5 | 11/13/2025 | Books |
